| 000 | 01163nam a22002897a 4500 | ||
|---|---|---|---|
| 003 | EG-ScBUE | ||
| 005 | 20211212093333.0 | ||
| 008 | 110725s1974 ua f b 000 0 ara d | ||
| 017 | _a1974 / 2900 | ||
| 040 |
_aEG-ScBUE _bara _erda _cEG-ScBUE _dEG-ScBUE |
||
| 082 | 0 | 4 |
_a892.73 _bح س ن _222 |
| 100 | 1 |
_926404 _aحسن ، محمد رشدي، _eمؤلف. |
|
| 245 | 1 | 0 |
_aأثر المقامة في نشأة القصة المصرية الحديثة / _cتأليف د. محمد رشدي حسن. |
| 264 | 1 |
_aالقاهرة : _bالهيئة المصرية العامة للكتاب، _c1974. |
|
| 300 |
_a213 صفحة ؛ _c24 سم |
||
| 336 |
_2rdacontent _aنص _btxt |
||
| 337 |
_2rdamedia _aبدون وسيط _bn |
||
| 338 |
_2rdacarrier _aمجلد _bnc |
||
| 490 |
_aالمكتبة العربية ؛ _v151 |
||
| 504 | _aيشتمل على إرجاعات ببليوجرافية. | ||
| 650 | 7 |
_926435 _aالمقامات العربية _zمصر _xتاريخ ونقد. _2BUEsh |
|
| 650 | 7 |
_914981 _aالقصص العربية _zمصر _xتاريخ ونقد. _2BUEsh |
|
| 651 | _2BUEsh | ||
| 653 |
_cJuly2011 _bARALIT |
||
| 655 |
_vReading book _934232 |
||
| 942 |
_2ddc _cBB |
||
| 999 |
_c15735 _d15735 |
||